[Event "Steyr Landesliga 1112"]
[Site "Austria"]
[Date "2011.11.12"]
[Round "5.6"]
[White "Schriebl, Alexander"]
[Black "Soellinger, Max"]
[Result "1-0"]
[WhiteElo "2080"]
[BlackElo "2081"]
[PlyCount "105"]
[EventDate "2011.09.24"]
[EventType "team-tourn"]
[EventRounds "11"]
[EventCountry "AUT"]
[SourceTitle "EXT 2013"]
[Source "ChessBase"]
[SourceDate "2012.11.22"]
[SourceVersion "1"]
[SourceVersionDate "2012.11.22"]
[SourceQuality "1"]
[WhiteTeam "Graz Styria"]
[BlackTeam "Weiz"]
[WhiteTeamCountry "AUT"]
[BlackTeamCountry "AUT"]

1. d4 d5 2. c4 e6 3. g3 Nf6 4. Bg2 Be7 5. Nf3 0-0 6. 0-0 Ne4 7. Nc3 f5 8. Ne5 Bf6 9. Nxe4 fxe4 10. Qb3 c6 11. Be3 Bxe5 12. dxe5 Nd7 13. cxd5 cxd5 14. Bd4 Nb8 15. f3 Nc6 16. Bc5 Re8 17. fxe4 d4 18. Bd6 Qg5 19. Qf3 Qe3+ 20. Kh1 Qxf3 21. Rxf3 b6 22. Raf1 Ba6 23. R1f2 h6 24. Bh3 Rac8 25. b4 Bc4 26. a3 b5 27. Bg4 a5 28. Bh5 Red8 29. bxa5 Nxa5 30. Bg6 Ra8 31. Rf7 Nc6 32. Rc7 Rdc8 33. Kg2 Rxc7 34. Bxc7 Rxa3 35. Be8 Ra6 36. Bd6 Kh7 37. h4 g6 38. Rf7+ Kg8 39. Rc7 d3 40. exd3 Bxd3 41. Bf7+ Kh8 42. Bxg6 b4 43. Rc8+ Kg7 44. h5 Ra2+ 45. Kf3 Nd4+ 46. Ke3 Ba6 47. Rc7+ Kg8 48. Kxd4 b3 49. Bf7+ Kh8 50. Bxe6 Rd2+ 51. Kc3 b2 52. Ba2 Rf2 53. e6 1-0